Nourriture et ingrédients de base en italien - Statistiques

Statistiques générales
  • Ce quiz a été pris 63 fois
  • Le résultat moyen est 13 sur 25
Statistiques - réponses
Hint Réponse % Correct
Pâtes Pasta
90%
Fromage Formaggio
79%
Lait Latte
79%
Pain Pane
79%
Viande Carne
69%
Riz Riso
69%
Poisson Pesce
67%
Beurre Burro
62%
Farine Farina
62%
Glace Gelato
62%
Sel Sale
62%
Yaourt Yogurt
56%
Sucre Zucchero
56%
Chocolat Cioccolato
54%
Jambon Prosciutto
54%
Oeuf Uovo
51%
Biscuit Biscotto
49%
Miel Miele
49%
Confiture Marmellata
36%
Saucisse Salsiccia
31%
Gâteau Torta
31%
Huile d'olive Olio d'oliva
28%
Crème Panna
23%
Vinaigre Aceto
21%
Charcuterie Salumi
10%
Aucun quiz correspondant
Distribution des résultats
% des personnes avec chaque résultat
Percentile par nombre de réponses
Votre historique - résultats
Vous n’avez pas pris ce quiz